000 00693 a2200205 4500
999 _c9151
_d9151
020 _a1846610095
050 0 0 _aKD2094
100 1 _aFuller, Geoffrey.
245 1 0 _aCorporate borrowing :
_blaw and practice /
_cGeoffrey Fuller.
250 _a3rd ed.
264 _aUnited States :
_bJordans,
_c2006
300 _aliii, 371 p. ;
500 _aIncludes bibliographical references and index.
504 _aIncludes bibliographical references and index.
650 0 _aCorporations
_xFinance
_xLaw and legislation
650 0 _aBank loans
_xLaw and legislation
650 0 _aSecurities
942 _2lcc
_cBK
_e3rd ed.
_h2094
_iFUL
_kKD